000 004130000a22001690004500
003 MACL
005 20160105153934.0
008 160105b xxu||||| |||| 00| 0 eng d
040 _aMACL
_cMACL
041 _aEnglish
082 _a821
100 _aReeves and Turner
_928166
245 _aThe Works of Henry Rose
260 _bReeves and Turner
_c1890
_aLondon
650 _aPoetry
_928167
942 _cBK
_k821
_2ddc
999 _c36556
_d36556